• 首页
  • 本馆介绍
  • 公告通知
  • 最新文献
  • 馆藏检索
  • 电子资源
  • 读者导购
  • 参考咨询
  • 我的图书馆
  • 登录
  • 详细信息显示
  • 放入我的书架
  • 预约/预借图书
  • 作者相关作品
  • 分类相关作品
  • 丛书相关作品
  • 出版社相关作品

书目信息

  • 表格格式
  • 工作单格式
  • 卡片格式
题名:
国防动员知识500问
    
 
作者: 国防动员知识辅导材料编写组
分册:  
出版信息: 北京   长征出版社  2002.09
页数: 208页
开本: 19cm
丛书名:
单 册:
中图分类: E251-44
科图分类:
主题词: 国防建设--中国 , 战备--中国
电子资源:
ISBN: 7-80015-798-9
000 00747nam0 2200217 450
001 0772713751
005 20071213201227.96
010    @a7-80015-798-9@dCNY15.00
100    @a20071213d2002 km y0chiy0120 ea
101 0  @achi
102    @aCN@b110000
200 1  @a国防动员知识500问@Aguo fang dong yuan zhi shi 500 wen@f国防动员知识辅导材料编写组@Fguo fang dong yuan zhi shi fu dao cai liao bian xie zu
210    @a北京@c长征出版社@d2002.09
215    @a208页@d19cm
606 0  @a国防建设@x中国
606 0  @a战备@x中国
690    @aE251-44@v4
701  0 @a国防动员知识辅导材料编写组@Aguo fang dong yuan zhi shi fu dao cai liao bian xie zu
801  0 @aCN@b大连网信软件有限公司图书馆@c20071213
905    @aBZT@dE251-44@e1
906    @dCNY15.00@n0@r1
    
    国防动员知识500问/国防动员知识辅导材料编写组.-北京:长征出版社,2002.09
    208页;19cm
    
    
    ISBN 7-80015-798-9:CNY15.00
    
●
相关链接 在五车中查询图书 在当当中查询图书 在豆瓣中查询图书


正题名:国防动员知识500问     索取号:E251-44/1         预约/预借

序号 登录号 条形码 馆藏地/架位号 状态 备注
1 632880   2000632880   中心书库北库/ 北库004架B面5列3层10/ [索取号:E251-44/1] 在馆    
2 632881   2000632881   中心书库北库/ 北库004架B面5列3层19/ [索取号:E251-44/1] 在馆    
3 632882   2000632882   中心书库北库/ 北库004架B面5列3层11/ [索取号:E251-44/1] 在馆    
4 632883   2000632883   中心书库北库/ 北库004架B面5列3层12/ [索取号:E251-44/1] 在馆    
5 632884   2000632884   中心书库北库/ 北库004架B面5列3层18/ [索取号:E251-44/1] 在馆    
6 632885   2000632885   中心书库北库/ 北库004架B面5列3层13/ [索取号:E251-44/1] 在馆    
7 632886   2000632886   中心书库北库/ 北库004架B面5列3层14/ [索取号:E251-44/1] 在馆    
8 632887   2000632887   中心书库北库/ 北库004架B面5列3层15/ [索取号:E251-44/1] 在馆    
9 632888   2000632888   中心书库北库/ 北库004架B面5列3层16/ [索取号:E251-44/1] 在馆    
10 632889   2000632889   中心书库北库/ 北库004架B面5列3层17/ [索取号:E251-44/1] 在馆    
山东省滨州职业学院图书馆 欢迎您!
大连网信软件有限公司© 版权所有